000 00925nam a2200217Ia 4500
999 _c37828
_d37828
001 3805
003 GE_BSU
005 20190814153437.0
008 181216s1987||||ge |||||||||||||| ||geo||
040 _cGE_BSU
041 _ageo
080 _a130.2 ნ–78
100 _aნოდია, გიორგი
_92690
245 _aთამაშის ცნება კულტურის ფილოსოფიაში /
_cრედ.: ო. ჯიოევი; საქ. სსრ მეცნ. აკად.ფილოს. ინ-ტი.
264 _a თბ. :
_bმეცნიერება,
_c1987.
300 _a113 გვ.;
_b21 სმ.
653 _a კულტურის ფილოსოფია
700 _aჯიოევი, ო.
_eრედაქტორი
_93593
710 _aსაქ. სსრ მეცნ. აკად., ფილოს. ინ-ტი.
_93594
942 _cBK
_2udc